| 000 | 01006nac a22003131u 4500 | ||
|---|---|---|---|
| 003 | EG-ScBUE | ||
| 005 | 20220830102715.0 | ||
| 008 | 100922t1998 njua f b 001 0 eng d | ||
| 020 | _a0131632302 | ||
| 020 | _a9780131632301 | ||
| 040 |
_aEG-ScBUE _beng _erda _cEG-ScBUE _dEG-ScBUE |
||
| 082 | 0 | 4 |
_a712 _bHAN _222 |
| 100 | 1 |
_aHannebaum, Leroy G., _eauthor. _919700 |
|
| 245 | 1 | 0 |
_aLandscape design : _ba practical approach / _cLeroy G. Hannebaum. |
| 250 | _aFourth edition. | ||
| 264 | 1 |
_aNew Jersey : _bPrentice Hall, Inc., _c[1998] |
|
| 264 | 4 | _cc1998 | |
| 300 |
_axvi, 460 pages : _billustrations ; _c25 cm |
||
| 336 |
_2rdacontent _atext _btxt |
||
| 337 |
_2rdamedia _aunmediated _bn |
||
| 338 |
_2rdacarrier _avolume _bnc |
||
| 504 | _aIncludes bibliographical references and index. | ||
| 650 | 7 |
_aLandscape design. _919701 _2BUEsh |
|
| 650 | 7 |
_aLandscape architecture. _919702 _2BUEsh |
|
| 651 | _2BUEsh | ||
| 653 | _bENGARC | ||
| 655 |
_vReading book _934232 |
||
| 942 |
_cBB _k712 HAN _2ddc |
||
| 999 |
_c3217 _d3217 |
||